Moses and the church in the wilderness. (Record no. 3734)

000 -LEADER
fixed length control field 00745nam a2200217 a 4500
001 - CONTROL NUMBER
control field :::00001466$&:&@@
003 - CONTROL NUMBER IDENTIFIER
control field OkBaRHE
005 - DATE AND TIME OF LATEST TRANSACTION
control field 20000607103244.0
008 - FIXED-LENGTH DATA ELEMENTS--GENERAL INFORMATION
fixed length control field s1964 j 000 0 eng u
040 ## - CATALOGING SOURCE
Transcribing agency
100 1# - MAIN ENTRY--PERSONAL NAME
Personal name Lindsay, Gordon.
245 10 - TITLE STATEMENT
Title Moses and the church in the wilderness.
260 ## - PUBLICATION, DISTRIBUTION, ETC. (IMPRINT)
Place of publication, distribution, etc Dallas, TX., :
Name of publisher, distributor, etc Christ For The Nations
Date of publication, distribution, etc 1964
300 ## - PHYSICAL DESCRIPTION
Extent 32 p. ;
Dimensions 22 cm.
490 0# - SERIES STATEMENT
Series statement Through the Bible series, vol. 11.
650 ## - SUBJECT ADDED ENTRY--TOPICAL TERM
Topical term or geographic name as entry element Bible Old Testament Pentateuch
650 ## - SUBJECT ADDED ENTRY--TOPICAL TERM
Topical term or geographic name as entry element Moses.
942 ## - ADDED ENTRY ELEMENTS (KOHA)
Source of classification or shelving scheme
Koha item type Books
Copies
Full call number Withdrawn status Damaged status Source of classification or shelving scheme Barcode Not for loan Koha item type Lost status Date acquired Date last seen Price effective from Permanent Location Copy number Shelving location
BS 580 .M6L512   1466 Books 2010-04-142010-04-142010-04-14RHEMA Bible Training College1General Stacks
BS 580 .M6L512   16953 Books 2010-04-142010-04-142010-04-14RHEMA Bible Training College2General Stacks